Ultraviolet bright splectrophotometric catalogue (Record no. 6812)

MARC details
000 -LEADER
fixed length control field 00812nam a2200205Ia 4500
003 - CONTROL NUMBER IDENTIFIER
control field IN-BaIIA
008 - FIXED-LENGTH DATA ELEMENTS--GENERAL INFORMATION
fixed length control field 211028s9999 xx 000 0 eng d
040 ## - CATALOGING SOURCE
Transcribing agency IIA Library
080 ## - UNIVERSAL DECIMAL CLASSIFICATION NUMBER
Universal Decimal Classification number 083.8:5
Item number JAM
100 ## - MAIN ENTRY--PERSONAL NAME
Personal name Jamar, C.
9 (RLIN) 11243
245 #0 - TITLE STATEMENT
Title Ultraviolet bright splectrophotometric catalogue
Remainder of title a compilation of absolute spectrophotometric data obtained with the sky survey telescope (S2/68) on the European astronomical satellite TD-1
Statement of responsibility, etc. C. Jamar.., [et al.]
260 ## - PUBLICATION, DISTRIBUTION, ETC.
Place of publication, distribution, etc. Paris
Name of publisher, distributor, etc. European Space Agency
Date of publication, distribution, etc. 1976
300 ## - PHYSICAL DESCRIPTION
Extent xxi, 489p.
650 ## - SUBJECT ADDED ENTRY--TOPICAL TERM
Topical term or geographic name entry element Astronomy and Astrophysics Thesaurus
650 ## - SUBJECT ADDED ENTRY--TOPICAL TERM
Topical term or geographic name entry element Catalogue-Bright stars
9 (RLIN) 4473
650 ## - SUBJECT ADDED ENTRY--TOPICAL TERM
Topical term or geographic name entry element Ultraviolet sky survey
9 (RLIN) 11668
700 ## - ADDED ENTRY--PERSONAL NAME
Personal name Macau-Hercot, D.
9 (RLIN) 11669
700 ## - ADDED ENTRY--PERSONAL NAME
Personal name Monfils, A.
9 (RLIN) 11670
942 ## - ADDED ENTRY ELEMENTS (KOHA)
Koha item type Books
Holdings
Withdrawn status Lost status Damaged status Not for loan Home library Current library Shelving location Date acquired Total Checkouts Full call number Barcode Date last seen Price effective from Koha item type Purchase Price
        IIA Library-Bangalore IIA Library-Bangalore General Stacks 21/07/1981   083.8:5/ JAM 7574 05/11/2021 21/07/1981 Books FF 217.25

Powered by Koha